000 00540nam a2200169Ia 4500
008 240729s9999 xx 000 0 und d
022 _a1934-3361
245 0 _aImpulse: The Premier Undergraduate Neuroscience Journal
260 _aUnited States
260 _bAppalachian State University Honors College
650 _a Internal medicine
650 _a Neurosciences. Biological psychiatry. Neuropsychiatry
650 _aMedicine
856 _uhttps://doaj.org/toc/f5756ba777134ced91615907a0e3947d
942 _2ddc
942 _cDOAJEJ
999 _c66192
_d66192
945 _a1
_bMadushi Gamage
_c1
_dMadushi Gamage